000 00597nam a2200229Ia 4500
005 20260429112029.0
008 260429s9999||||xx |||||||||||||| ||und||
020 _a9781032638966
041 _aEnglish
082 _a155.33
_bHEL
100 _aHelgeson, Vicki S.
245 0 _aPsychology of gender/sex /
_cVicki S. Helgeson
250 _a17th ed.
260 _aUnited Kingdom :
_bRoutledge,
_c2025.
300 _axiv, 760 p.; pbk
650 _a Gender
650 _a Sex psychology
650 _aPsychology
700 _a Balhan, Krystle
700 _a Winterrowd, Erin
942 _cTB
999 _c51986
_d51986